01204nam a2200277Ia 450000500170000000800410001702000180005810000370007624500620011325000180017530000510019349000130024450502620025765000670051965000520058665000380063870000430067694200150071926400430073433600270077733700330080433800280083704000350086508400110090099900150091120220317001342.0161108s9999 ck a g 000 0 spa  a97895838013341 aLondoño Velez, Santiagod1966-10aLibro de los monstruos buenoscSantiago Londoño Vélez a1a. edición a105 páginasbilustraciones en blanco y negro aTezontle aAdablán, monstruo originario -- {AElig}mpfp, monstruo gramático. -- Rabdomán el mago. -- El caso del tercer talismán. -- El primer árbol monstruoso. -- El desayuno de los chigloditas. -- Recórcholis! Es un pulpoballo!. -- Asclepio, el alquimista142LEMBaCuentos infantiles colombianas vAntologías ySiglo XX142LEMBaLiteratura infantil colombiana ySiglo XX142LEMBaMonstruos en la literatura 1 aLondoño Velez, Santiagod1966-97206 2loccBKINF aBogotábFondo de Cultura Económica atextobtxt2rdacontent asin mediaciónbn2rdamedia avolumenbnc2rdacarrier aCO-BoRNBPbspaerdacCO-BoRNBP aC LON6 c6700d6700